| 000 | 00946nam a22002897a 4500 | ||
|---|---|---|---|
| 001 | 4835 | ||
| 003 | FISKH | ||
| 005 | 20241017122629.0 | ||
| 008 | 241017b cb ||||| |||| 00| 0 eng d | ||
| 020 | _a0590440624 | ||
| 040 |
_aFISKH _beng _cFISKH _dFISKH |
||
| 050 | _aPZ7.H31115 | ||
| 082 | _a823.914 | ||
| 100 |
_aHavill, Juanita _d(1949-) |
||
| 245 |
_aJamaica tag-along / _cJuanita Havill Illustrations by anne Sibley O'Brien |
||
| 250 | _aFirst printing in 1991 | ||
| 260 |
_aNew York : _bScholastic, _c1991. |
||
| 300 |
_a28 pages : _bColor illustrations ; _c21 cm |
||
| 505 | _aJ | ||
| 520 | _aWhen her older brother refuses to let her tag along with him, Jamaica goes off by herself and allows a younger child to play with her. | ||
| 521 | 8 |
_a490L
_bLexile |
|
| 521 | 8 |
_aJ
_bRaz-Plus |
|
| 650 |
_2Fiction _aFriendship |
||
| 650 |
_2Emotions _aSiblings |
||
| 700 |
_aO'Brien, Sibley Anne _dIllustrator |
||
| 942 |
_2ddc _cBK _n0 |
||
| 999 |
_c4835 _d4835 |
||